000 01284cam a22002891 4500
001 ca 11001077
003 DLC
005 20260227111055.0
007 cr |||||||||||
008 930524s1872 dcu 000 0 eng
010 _aca 11001077
035 _a(OCoLC)28156901
040 _aDLC
_cCtY
_dCtY
_dDLC
042 _apremarc
050 0 0 _aTN413.N3
_bZ7 1872d
110 1 _aUnited States.
_bCongress.
_bHouse.
_bCommittee on Mines and Mining.
245 1 0 _aReport of the Committee on Mines and Mining of the House of Representatives on the Sutro Tunnel, together with bill reported by the Committee.
260 _aWashington,
_bM'Gill & Witherow
_c[1872]
300 _a8 p.
_c24 cm.
530 _aAlso available in digital form on the Library of Congress Web site.
500 _aCover-title.
500 _aPub. also, together with the report of the Sutro Tunnel Commission and the committee hearings, as House Report no. 94, 42d Cong., 2d sess., with title: Sutro Tunnel.
651 0 _aSutro Tunnel (Nev.)
700 1 _aWaldron, Henry,
_d1819-
856 4 1 _dmtfgc
_f2158
_qo
_uhttp://hdl.loc.gov/loc.gdc/mtfgc.2158
856 4 2 _3Meeting of Frontiers: Siberia, Alaska, and the American West - "General Collections Books" Collection
_uhttp://hdl.loc.gov/loc.eur/mtfhtml.0021
999 _c14445
_d14445